000 02500nam a2200265Ia 4500
003 Ost
005 20260507075313.0
008 260507s9999||||xx |||||||||||||| ||und||
020 _a978614401107
040 _cfsecg
041 _aara
082 _a346.02
100 _aناصيف، الياس
_eمؤلف
245 0 _aالعقود المصرفية :
_bعقد الحساب الجاري، عقد وديعة الصكوك و الأوراق المالية في المصارف، عقد ايجار الصناديق الحديدية /
_c الياس ناصيف
250 _aطبعة 2
260 _aبيروت:
_bمنشورات الحلبي الحقوقية,
_c2012
300 _a624 صفحة؛
_c25 سم
504 _aببليوغرافيا: ص.603 ملاحق ص.429
520 _aمقدمة الطبعة الثانية – الباب الأول : وديعة الصكوك والأوراق المالية : الفصل الأول : تكوين عقد إيداع الصكوك والأوراق المالية في المصارف : الفصل الثاني : آثار عقد إيداع الصكوك والأوراق المالية في المصارف – الباب الثاني : عقد إيجار الخزائن الحديدية : الفصل الأول : تكوين عقد إيجار الخزائن الحديدية : الفصل الثاني : آثار عقد ايداع الصكوك والأوراق المالية في المصارف – الباب الثاني : عقد إيجار الخزائن الحديدية : الفصل الأول : تكوين عقد إيجار الخزائن الحديدية – الفصل الثاني : آثار عقد إيجار الخزائن الحديدية : الفصل الثالث : مسؤولية المصرف المؤجر : الفصل الرابع : الحز على محتويات الصندوق الحديدي – الباب الثالث : الحساب الجاري : الفصل الأول : مفهوم الحساب الجاري ، صفاته ، خصائصه ، طبيعته القانونية ، نطاقه : الفصل الثاني : انعقاد الحساب الجاري : الفصل الثالث : آثار الحساب الجاري : الفصل الرابع : الحساب الجاري وأحكام الإفلاس ومرور الزمن : الفصل الخامس : اقفال الحساب الجاري
653 _aالأوراق المالية
653 _aالبنوك
653 _aالشيكات
653 _aالعقود
942 _cكتاب
999 _c43882
_d43882